000 00390pab a2200145 454500
008 180718b1983 xxu||||| |||| 00| 0 eng d
100 _aDavis, Brian C.
245 _aFinancial appraisal of a water supply project
260 _c1983
300 _a179-80
362 _aApr.-June
650 _aWater Supply - Finance
773 _aJournal of Indian Water Works Association
909 _a20617
999 _c20617
_d20617